| 000 | 00791nam a22002417a 4500 | ||
|---|---|---|---|
| 999 |
_c18529 _d18529 |
||
| 003 | AR-CdUCM | ||
| 008 | 190514b ||||| |||| 00| 0 spa d | ||
| 040 |
_aMUNICIPALIDAD PROVINCIAL DEL CUSCO _cBIBLIOTECA MUNICIPAL DEL CUSCO |
||
| 041 | _heng | ||
| 082 |
_26ed. _a818.5 / _bST79 |
||
| 100 |
_aSteinbeck, John _91846 |
||
| 245 |
_aViñas de ira : _bthe grapes of wrath novela / |
||
| 260 |
_aBuenos Aires : _bClaridad, _c1952. |
||
| 300 |
_a448 páginas ; _c20 cm. |
||
| 440 |
_aBiblioteca de Grandes Novelas. _n19 _939172 |
||
| 505 | _aContenido: v.19: Viñas de ira (novela). | ||
| 650 |
_aNovela _95 |
||
| 650 |
_aLiteratura Estadounidense _931137 |
||
| 650 |
_aSiglo XX _98 |
||
| 700 |
_aDíaz Gracián, B. (traducción) _939173 |
||
| 942 |
_2ddc _cLIBROS |
||
| 945 |
_apjha _d2019-05-17 |
||